000 00653nam a22001937a 4500
005 20100723103140.0
010 _aENG-96489
020 _a97881700721881
_c150.00
035 _aEN-80022
037 _bDBAD/PUB
082 _a335.4
100 _aKar, Samit
_9868
245 _aMarcx's legancy in 21 'st century /
_cby Kar Samit
260 _aNew Delhi
_bPeople's Publishing House
_c2010
270 _a5 E,Rani Jhasi road
_bNew Delhi
_e110055
300 _a126p.
_c22cm(Hb)
942 _2ddc
_cEN
_mKAR
_h335.4
999 _c37305
_d37305